000 00489nam a2200169Ia 4500
999 _c36907
_d36907
003 OSt
005 20210121131728.0
008 190216s9999||||xx |||||||||||||| ||und||
040 _coclc
082 _a302.34
_bPUB/G
100 _aPublishers
_93512
245 0 _aGroup Discussions At A Glance /
_cPublishers
260 _bCompetition Review Pvt Ltd,
_c2008.
_aNew Delhi:
300 _a344p
650 _aReferences
942 _cBK
_2ddc
_h302.34
_iPUB/G
_k302.34
_mPUB/G